Statystyki dla Nagroda dla Najlepszego Młodego Zawodnika

Kliknij tutaj aby rozwiązać quiz!

Ogólne statystyki

  • Ten quiz został rozwiązany 487 razy
  • Średni wynik to 4 z 16

Statystyki odpowiedzi

RokKrajWiekNagroda dla Najlepszego Młodego Zawodnika% Poprawnych
2018Francja19Kylian Mbappe
98%
2014Francja21Paul Pogba
60%
1958Brazylia17Pelé
52%
2010Niemcy20Thomas Müller
49%
2006Niemcy21Lukas Podolski
30%
2002Stany Zjednoczone20Landon Donovan
29%
1998Anglia18Michael Owen
28%
1974Polska20Władysław Żmuda
9%
1966Niemcy Zachodnie20Franz Beckenbauer
8%
1994Holandia21Marc Overmars
5%
1986Belgia20Enzo Scifo
2%
1962Wegry20Flórián Albert
2%
1970Peru21Teófilo Cubillas
2%
1982Francja21Manuel Amoros
1%
1990Jugosławia21Robert Prosinečki
1%
1978Wlochy20Antonio Cabrini
0%

Rozkład punktacji

Percentyl według liczby udzielonych odpowiedzi

Procent ludzi z każdym wynikiem

Twoja historia wyników

Nie rozwiązałeś tego quizu